| 000 | 00425nam a2200181 a 4500 | ||
|---|---|---|---|
| 001 | 812 | ||
| 003 | CO-ViMGA | ||
| 008 | 141112s2004 ck r 000 u spa d | ||
| 040 |
_aCO-ViMGA _bspa _cCO-ViMGA |
||
| 082 | 0 | 4 | _a512.5 G76a5 |
| 100 | 1 | _aGrossman, Stanley I | |
| 245 | 1 | 0 | _aAlgebra lineal |
| 250 | _a2a | ||
| 260 |
_aMexico : _bIberoAmérica, _c1987 |
||
| 300 | _a475 p | ||
| 650 | 1 | 4 | _aALGEBRA LINEAL |
| 942 |
_2ddc _cBK |
||
| 999 |
_c13048 _d13048 |
||